000 00463nam a2200145Ia 4500
008 230917s9999||||xx |||||||||||||| ||und||
040 _e170251
_aMAIN
041 _aEnglish
082 _a891.43172109 SR92:AK
100 _aअजित कुमार
245 0 _aआचार्य शुक्ल विचार कोश
260 _aदिल्ली
_bनेशनल पब्लिशिंग हाउस
_c1974
300 _a272 p.
942 _cHN
999 _c185445
_d185445